Statistics for British Virgin Islands - Quiz

Click here to take the quiz!

General Stats

  • This quiz has been taken 68 times
  • The average score is 4 of 9

Answer Stats

QuestionAnswer% Correct
What is the Capital?Road Town
73%
What continent is it in?North America
67%
What country owns it?United Kingdom
67%
Where is it located?Caribbean
59%
Who discovered the British Virgin Islands in 1493?Christopher Columbus
55%
Which is the biggest island?Tortola
37%
How many islands are there?60
20%
What is the word on the coat of arms?Vigilate
20%
How big is it?57.92 square miles
2%

Score Distribution

Percentile by Number Answered

Percent of People with Each Score

Your Score History

You have not taken this quiz